000 00613nam a2200193 i 4500
001 128669
003 ES-MaACL
005 20230906193335.0
007 t|
008 070523s1925 fr ||||1| fre d
100 1 _aTassy, Edme.
_9109376
245 1 2 _aL'activité psychique
_b: les réactions centrales dans les phénomènes cérébraux /
_cpar Edme Tassy.
260 _aParís :
_bFélix Alcan,
_c1925.
300 _aXVI, 126 p. ;
_c19 cm.
490 1 _aBque. de Philosophie Contemporaine
830 0 _aBque. de Philosophie Contemporaine
_9187001
852 _aES-MaACL
_jF-11686
999 _c128669
_d128669